[Event "Queenstown op"]
[Site "Queenstown"]
[Date "2009.01.23"]
[Round "9"]
[White "Jackson, L Ross"]
[Black "Williams, Pablo"]
[Result "1-0"]
[WhiteElo "2020"]
[BlackElo "1633"]
[PlyCount "121"]
[EventDate "2009.01.15"]
[EventType "swiss"]
[EventRounds "10"]
[EventCountry "NZL"]
[SourceTitle "CBM 128 Extra"]
[Source "ChessBase"]
[SourceDate "2009.03.05"]
[SourceVersion "2"]
[SourceVersionDate "2009.03.25"]
[SourceQuality "1"]

1. d4 Nf6 2. c4 e6 3. Nc3 Bb4 4. Qc2 c5 5. dxc5 Nc6 6. e3 Bxc5 7. Nf3 0-0 8. Be2 d5 9. 0-0 Qe7 10. a3 a5 11. b3 Bd7 12. cxd5 exd5 13. Na4 Ba7 14. Bb2 Rac8 15. Qd1 Rfd8 16. Nd4 Ne5 17. Rc1 Bxa4 18. Rxc8 Rxc8 19. bxa4 Nc4 20. Nf5 Qe6 21. Bxf6 gxf6 22. Bg4 Qe4 23. Qxd5 Qxd5 24. Ne7+ Kg7 25. Nxd5 Rc5 26. Rc1 Nxa3 27. Rxc5 Bxc5 28. Be2 f5 29. Bd3 f6 30. Bxf5 b5 31. axb5 Nxb5 32. Bd7 Na3 33. Kf1 Nc2 34. Ke2 Nb4 35. Nf4 Bd6 36. Kd2 Kf7 37. Bf5 h6 38. h3 a4 39. Nd3 Nd5 40. Nc1 Bb4+ 41. Kd3 Nc3 42. Kc2 a3 43. Kb3 a2 44. Nxa2 Nxa2 45. Kxa2 Ke7 46. Kb1 Kd6 47. Kc2 Ke5 48. g4 Be1 49. f4+ Kd6 50. Kd3 Bh4 51. Bg6 Bg3 52. Ke4 Ke6 53. Bh7 Bh2 54. Kf3 Bg1 55. h4 Kf7 56. h5 Kg7 57. Bb1 Kf8 58. Ke4 Ke7 59. Kd3 Bh2 60. Ke2 Kf8 61. Kf2 1-0

[Event "Queenstown op"]
[Site "Queenstown"]
[Date "2009.01.22"]
[Round "8"]
[White "Williams, Pablo"]
[Black "Watson, Jeremy"]
[Result "0-1"]
[WhiteElo "1633"]
[BlackElo "1986"]
[PlyCount "116"]
[EventDate "2009.01.15"]
[EventType "swiss"]
[EventRounds "10"]
[EventCountry "NZL"]
[SourceTitle "CBM 128 Extra"]
[Source "ChessBase"]
[SourceDate "2009.03.05"]
[SourceVersion "2"]
[SourceVersionDate "2009.03.25"]
[SourceQuality "1"]

1. a3 d5 2. f4 Nf6 3. Nf3 c5 4. g3 g6 5. Bg2 Bg7 6. 0-0 0-0 7. Qe1 Nc6 8. Kh1 Re8 9. d3 e5 10. fxe5 Nxe5 11. Nxe5 Rxe5 12. Bf4 Re8 13. e4 dxe4 14. dxe4 Nh5 15. Nc3 Nxf4 16. gxf4 Bd7 17. Rd1 Qc8 18. e5 Bc6 19. Nd5 Bxd5 20. Bxd5 Qc7 21. Qe4 Rab8 22. h4 Rbd8 23. c4 Qc8 24. Qg2 Qf5 25. Rde1 Kh8 26. Re3 b5 27. b3 bxc4 28. bxc4 Rb8 29. Kh2 Rb6 30. Rh3 Reb8 31. Be4 Qh5 32. Bf3 Qh6 33. Bd5 Rb2 34. Rf2 Rxf2 35. Qxf2 Qh5 36. Qxc5 Qg4 37. Qf2 f6 38. h5 gxh5 39. f5 fxe5 40. f6 Bh6 41. Rf3 Bf4+ 42. Rxf4 Qxf4+ 43. Qxf4 exf4 44. Kh3 Rf8 45. Kh4 Rxf6 46. Bf3 Ra6 47. Kg5 Rxa3 48. Kxf4 Kg7 49. Bxh5 Kf6 50. Ke4 Ke6 51. Kd4 Kd6 52. Be8 Ra1 53. c5+ Kc7 54. c6 h6 55. Kc5 Re1 56. Bd7 h5 57. Kb5 h4 58. Ka6 Re3 0-1

[Event "Queenstown op"]
[Site "Queenstown"]
[Date "2009.01.21"]
[Round "7"]
[White "Davis, Justin"]
[Black "Williams, Pablo"]
[Result "0-1"]
[WhiteElo "1955"]
[BlackElo "1633"]
[PlyCount "44"]
[EventDate "2009.01.15"]
[EventType "swiss"]
[EventRounds "10"]
[EventCountry "NZL"]
[SourceTitle "CBM 128 Extra"]
[Source "ChessBase"]
[SourceDate "2009.03.05"]
[SourceVersion "2"]
[SourceVersionDate "2009.03.25"]
[SourceQuality "1"]

1. d4 Nf6 2. Nf3 e6 3. c4 Bb4+ 4. Nbd2 0-0 5. g3 d5 6. Qc2 c5 7. a3 Bxd2+ 8. Bxd2 cxd4 9. Nxd4 e5 10. Nb5 a6 11. Nc3 d4 12. Ne4 Nxe4 13. Qxe4 Nc6 14. Bg2 Be6 15. Rc1 f5 16. Qc2 e4 17. 0-0 Ne5 18. b3 Rc8 19. Bxe4 fxe4 20. Qxe4 Qf6 21. Qxd4 Nf3+ 22. exf3 Qxd4 0-1

[Event "Doeberl Cup Minor 43rd"]
[Site "Canberra"]
[Date "2005.03.26"]
[Round "4"]
[White "Nguyen, Quang"]
[Black "Williams, Pablo"]
[Result "0-1"]
[WhiteElo "1472"]
[BlackElo "1525"]
[PlyCount "80"]
[EventDate "2005.03.25"]
[EventType "swiss"]
[EventRounds "7"]
[EventCountry "AUS"]
[SourceTitle "EXT 2009"]
[Source "ChessBase"]
[SourceDate "2008.11.26"]
[SourceVersion "1"]
[SourceVersionDate "2008.11.26"]
[SourceQuality "1"]

1. d4 e6 2. c4 Nf6 3. Nf3 d5 4. Bg5 Nbd7 5. Nc3 Be7 6. e3 0-0 7. Bd3 b6 8. cxd5 exd5 9. 0-0 Bb7 10. Rc1 c5 11. Re1 Ne4 12. Bxe7 Qxe7 13. Nd2 Nef6 14. Bf5 g6 15. Bxd7 Qxd7 16. dxc5 bxc5 17. Nb3 Rac8 18. Ne2 Qe7 19. Rc2 Rfd8 20. Qc1 c4 21. Nbd4 Ne4 22. Nc3 Nc5 23. Rd1 Rd6 24. b4 Nd3 25. Rxd3 cxd3 26. Nxd5 Qd8 27. Rxc8 Bxc8 28. Nf4 Kg7 29. Qc3 Kh6 30. Nxd3 Bb7 31. Ne5 Qe7 32. Ng4+ Kh5 33. h3 f5 34. Nh2 Qe4 35. g4+ Kh6 36. g5+ Kh5 37. f3 Qb1+ 38. Kf2 Qxa2+ 39. Kg3 f4+ 40. Kxf4 Qxh2# 0-1

[Event "Doeberl Cup Minor 43rd"]
[Site "Canberra"]
[Date "2005.03.25"]
[Round "2"]
[White "Walshe, Ian"]
[Black "Williams, Pablo"]
[Result "0-1"]
[WhiteElo "1363"]
[BlackElo "1525"]
[PlyCount "58"]
[EventDate "2005.03.25"]
[EventType "swiss"]
[EventRounds "7"]
[EventCountry "AUS"]
[SourceTitle "EXT 2009"]
[Source "ChessBase"]
[SourceDate "2008.11.26"]
[SourceVersion "1"]
[SourceVersionDate "2008.11.26"]
[SourceQuality "1"]

1. f4 d6 2. e4 e5 3. d3 exf4 4. Bxf4 Qf6 5. Bc1 g5 6. Be2 Be6 7. Nc3 c6 8. h3 Qe5 9. Kf2 h6 10. Nf3 Qg7 11. g4 Ne7 12. Rf1 Ng6 13. Kg3 Nd7 14. d4 Be7 15. d5 Nde5 16. dxe6 Nxf3 17. Rxf3 Qe5+ 18. Kf2 Qh2+ 19. Ke3 fxe6 20. Qf1 Kd7 21. Bd2 Nh4 22. Rf2 Qe5 23. Rd1 Qc5+ 24. Kd3 b5 25. b3 Ng6 26. Be3 Qa3 27. Bc1 Qb4 28. Bd2 Ne5+ 29. Ke3 Qc5# 0-1